|
|
|
|
| LEADER |
02275nam a2200481 a 4500 |
| 001 |
mzk03001182878 |
| 003 |
CZ BrMZK |
| 005 |
20130628122915.0 |
| 007 |
ta |
| 008 |
120516s1756 gw f |||| 0 lat|d |
| 040 |
|
|
|a BOA001
|b cze
|
| 072 |
|
7 |
|a 27
|x Křesťanství. Křesťanská církev všeobecně. Eklesiologie
|2 Konspekt
|9 5
|
| 072 |
|
7 |
|a 094
|x Staré tisky
|2 Konspekt
|9 12
|
| 080 |
|
|
|a 27-732.3/.4-675
|2 MRF
|
| 080 |
|
|
|a (0.068)094
|2 MRF
|
| 080 |
|
|
|a 025.171
|2 MRF
|
| 100 |
1 |
|
|a Cabassut, Jean,
|d asi 1604-1685
|7 ola2004231544
|4 aut
|
| 245 |
1 |
0 |
|a NOTITIA CONCILIORUM SANCTAE ECCLESIAE, In qua elucidantur exactissime Tum SACRI CANONES, Tum veteres, novique ECCLESIAE RITUS, Tum praecipue Partes ECCLESIASTICAE HISTORIAE.
|n PARS PRIMA /
|c AUTHORE JOANNE CABASSUTIO, Aquisextiensi Presbytero Congregationis Oratorii Domini JESU
|
| 260 |
|
|
|a Monachi ;
|a et Ingolstadii :
|b Sumptibus Ioan.Franc.Xav.Crätz,Bibliopolae Acad. & Thomae Summer, Bibliop.August. MDCCLVI,
|c 1756
|
| 300 |
|
|
|a [7], 415 s. ;
|c 8°
|
| 500 |
|
|
|a Výzdoba: Na titulním listu tiskařský signet, vlys, koncová viněta IHS
|
| 501 |
|
|
|a Obsahuje: Přívazek stejného titulu 2. díl
|
| 561 |
|
|
|a Provenience: Rajhradské znakové exlibris
|
| 561 |
|
|
|a Provenience: [razítko] Bibliotheca Mon. Raigrad. O.S.B
|
| 561 |
|
|
|a Provenience: [m.p.] Praepositurae Rayhraden. O.S.B.
|
| 563 |
|
|
|a Vazba polousňová na dřevěné desce, usňové růžky, červená ořízka
|
| 650 |
|
7 |
|a ekumenické koncily
|7 ph114434
|2 czenas
|
| 655 |
|
7 |
|a staré tisky
|7 fd422076
|2 czenas
|
| 650 |
|
7 |
|a historické knihovní fondy
|7 ph172933
|2 czenas
|
| 856 |
4 |
1 |
|u https://imageserver.mzk.cz/mzk03/001/182/878/328100205365.titul
|y Digitalizovaný dokument
|
| 903 |
|
|
|a RP
|
| 910 |
|
|
|e BOE950
|c R - B. II. e. 1
|
| 978 |
|
|
|b Crätz, Johann Franz Xaver
|a Ingolstadt
|c 1756
|
| 978 |
|
|
|b Crätz, Johann Franz Xaver
|a München
|c 1756
|
| 982 |
0 |
|
|a Rajhrad - benediktinský klášter
|
| 984 |
|
|
|a Mnichov
|b Německo
|
| 984 |
|
|
|a Ingolstadt
|b Německo
|
| 985 |
|
|
|a 1751-1800
|
| 990 |
|
|
|a BK
|
| 996 |
|
|
|e BOE950
|c R - B. II. e. 1
|
| 980 |
|
|
|c 205365
|g R - B. II. e. 1
|1 328100205365
|p BN.427
|
| 991 |
|
|
|k rajhrad
|
| 994 |
|
|
|a DN
|l MZK03
|b 001182879
|m záznam 1. díla (pro objednání pokračujte kliknutím)
|n přívazek
|